[Event "Ruhrgebiet Bezirksliga 17/18"]
[Site "Ruhrgebiet"]
[Date "2018.02.18"]
[Round "7.7"]
[White "Watzlawek, Volker"]
[Black "Moeller, Manuel"]
[Result "0-1"]
[WhiteElo "1629"]
[BlackElo "1489"]
[PlyCount "53"]
[EventDate "2017.09.03"]
[EventType "team-tourn"]
[EventRounds "9"]
[EventCountry "GER"]
[SourceTitle "EXT 2022"]
[Source "ChessBase"]
[SourceDate "2021.10.06"]
[SourceVersion "1"]
[SourceVersionDate "2021.10.06"]
[SourceQuality "1"]
[WhiteTeam "Unna SV"]
[BlackTeam "Kamen SV III"]
[WhiteTeamCountry "GER"]
[BlackTeamCountry "GER"]

1. e4 d5 2. exd5 Qxd5 3. Nf3 Bg4 4. Be2 Nf6 5. c4 Qd8 6. Nc3 e6 7. d4 c6 8. 0-0 Be7 9. Bf4 0-0 10. Qb3 Qb6 11. Na4 Qxb3 12. axb3 Na6 13. h3 Bh5 14. Rfd1 Rfd8 15. Nc3 Nb4 16. Be3 a5 17. Bf4 Nc2 18. Rac1 Nb4 19. Bc7 Rd7 20. Bb6 Bd8 21. Bc5 Na6 22. Ba3 Bc7 23. Na4 b6 24. Ne5 Bxe2 25. Nxd7 Nxd7 26. Rd2 Bh5 27. d5 0-1